000 00358cam a22001217a 4500
008 180718b1960 xxu||||| |||| 00| 0 eng d
082 _aB5x8 G586
100 _aGomex, R.A.
245 _aGovernment and politics in Latin America
_cby R.A. Gomez
260 _aNew York
_bRandom House
_c1960
300 _av.p.
650 _aLatin America --Politics and government.
999 _c479498
_d479498